000 00642nam a22002057a 4500
005 20251108165914.0
008 250721s1988 xx 000 0 ara d
082 1 4 _aط/921.4/محا
100 1 _aالمحامي، محمد كامل حسن
245 1 0 _aجان بول سارتر :
_bفيلسوف الوجودية /
264 1 _aبيروت :
_bالمكتب العالمي،
_c1988.
300 _a120 ص.
490 0 _aعباقرة خالدون
650 1 7 _aالفلاسفة
650 1 7 _aالتراجم
653 _aجان بول سارتر
653 _aناشئون صغار (10-14 سنة)
942 _2ddc
_cBK
999 _c34414
_d34414